书目信息 |
| 题名: |
组网技术与配置
|
|
| 作者: | 王相林 编著 | |
| 分册: | ||
| 出版信息: | 北京 清华大学出版社 2007.01 |
|
| 页数: | 415页 | |
| 开本: | 26cm | |
| 丛书名: | 高等院校计算机教育系列教材 | |
| 单 册: | ||
| 中图分类: | TP393 | |
| 科图分类: | ||
| 主题词: | 计算机网络--ji suan ji wang--高等学校--教材 | |
| 电子资源: | ||
| ISBN: | 978-7-302-14348-2 | |
| 000 | 00984nam 2200253 450 | |
| 001 | 0100001400 | |
| 005 | 20240627082236.89 | |
| 010 | @a978-7-302-14348-2@dCNY35.00 | |
| 100 | @a20070831d2007 em y0chiy50 ea | |
| 101 | 0 | @achi |
| 102 | @aCN@b110000 | |
| 105 | @aak z 000yy | |
| 200 | 1 | @a组网技术与配置@Azu wang ji yu pei zhi@f王相林编著 |
| 205 | @a2版 | |
| 210 | @a北京@c清华大学出版社@d2007.01 | |
| 215 | @a415页@c图@d26cm | |
| 225 | 2 | @a高等院校计算机教育系列教材@Agao deng yuan ji suan ji jiao yu lie jiao cai |
| 330 | @a本书内容包括组网基本技术, 组网设备, 对等网配置, 客户机/服务器网络配置, 拨号网络配置, Intranet配置, Linux环境下的组网技术与配置, 交换机配置, 路由器配置, 网络管理与安全配置等。 | |
| 410 | 0 | @12001 @a高等院校计算机教育系列教材 |
| 606 | 0 | @a计算机网络@Aji suan ji wang@x高等学校@j教材 |
| 690 | @aTP393@v4 | |
| 701 | 0 | @a王相林@Awang xiang lin@4编著 |
| 801 | 0 | @aCN@b河南城建学院图书馆@c20100607 |
| 905 | @b20663031-33@dTP393@eW383=2@fTP393/W383=2 | |
| 组网技术与配置/王相林编著.-2版.-北京:清华大学出版社,2007.01 |
| 415页:图;26cm.-(高等院校计算机教育系列教材) |
| ISBN 978-7-302-14348-2:CNY35.00 |
| 本书内容包括组网基本技术, 组网设备, 对等网配置, 客户机/服务器网络配置, 拨号网络配置, Intranet配置, Linux环境下的组网技术与配置, 交换机配置, 路由器配置, 网络管理与安全配置等。 |
| ● |
| 相关链接 |
|
|
|
正题名:组网技术与配置
索取号:TP393/W383=2
 
预约/预借
| 序号 | 登录号 | 条形码 | 馆藏地/架位号 | 状态 | 备注 |
| 1 | 1453338 | 214533389 | 自科库301/301自科库 117排2列5层/ [索取号:TP393/W383=2] | 在馆 | |
| 2 | 1453339 | 214533398 | 自科库301/301自科库 117排2列5层/ [索取号:TP393/W383=2] | 在馆 | |
| 3 | 1552857 | 215528579 | 自科库301/301自科库 117排2列5层/ [索取号:TP393/W383=2] | 在馆 | |
| 4 | 470166 | 204701661 | 自科库301/301自科库 117排2列5层/ [索取号:TP393/W383=2] | 在馆 | |
| 5 | 470182 | 204701821 | 自科库301/301自科库 117排2列5层/ [索取号:TP393/W383=2] | 在馆 | |
| 6 | 474364 | 204743643 | 自科二线504/504自科库 2排3列5层/ [索取号:TP393/W383=2] | 在馆 | |
| 7 | 474365 | 204743652 | 自科二线504/504自科库 16排2列1层/ [索取号:TP393/W383=2] | 在馆 | |
| 8 | 474366 | 204743661 | 自科二线504/504自科库 16排2列1层/ [索取号:TP393/W383=2] | 在馆 | |
| 9 | 474367 | 204743670 | 自科二线504/504自科库 16排2列1层/ [索取号:TP393/W383=2] | 在馆 | |
| 10 | 474368 | 204743689 | 自科二线504/504自科库 16排2列1层/ [索取号:TP393/W383=2] | 在馆 | |
| 11 | 474369 | 204743698 | 自科二线504/504自科库 2排3列5层/ [索取号:TP393/W383=2] | 在馆 | |
| 12 | 474370 | 204743705 | 自科二线504/504自科库 16排2列1层/ [索取号:TP393/W383=2] | 在馆 | |
| 13 | 474371 | 204743714 | 自科二线504/504自科库 16排2列1层/ [索取号:TP393/W383=2] | 在馆 | |
| 14 | 474372 | 204743723 | 自科二线504/504自科库 16排2列1层/ [索取号:TP393/W383=2] | 在馆 | |
| 15 | 474373 | 204743732 | 自科二线504/504自科库 16排2列1层/ [索取号:TP393/W383=2] | 在馆 | |
| 16 | 475018 | 204750180 | 自科二线504/504自科库 2排3列5层/ [索取号:TP393/W383=2] | 在馆 | |
| 17 | 479730 | 204797309 | 期刊室512/ [索取号:TP393/W383=2] | 在馆 | |
| 18 | 488806 | 204888069 | 自科二线504/504自科库 17排2列3层/ [索取号:TP393/W383=2] | 在馆 | |
| 19 | 488807 | 204888078 | 自科二线504/504自科库 17排2列3层/ [索取号:TP393/W383=2] | 在馆 | |
| 20 | 663031 | 206630314 | 自科二线504/504自科库 16排2列1层/ [索取号:TP393/W383=2] | 在馆 | |
| 21 | 663032 | 206630323 | 自科二线404/404自科库 10排2列6层/ [索取号:TP393/W383=2] | 在馆 | |
| 22 | 663033 | 206630332 | 自科二线404/404自科库 10排2列6层/ [索取号:TP393/W383=2] | 在馆 |